000 00641ngm a2200193 a 4500
005 20210223122853.0
008 991125s1973 mx 030 aaspa u
035 _aUPN01000043065
049 _aAV
050 4 _aPPE 11
100 1 _aSanders, Denis
245 1 3 _aEl origen de los elementos [película] /
_cDenis Sanders.
260 _aMéxico :
_bMcGraw-Hill,
_c1973
300 _a1 carrete (30 min.) :
_bsd
500 _aSumario: Explica las combinaciones de los elementos químicos : protonos, neutrones, etc., que dieron origen al universo
650 4 _aELEMENTOS QUIMICOS
_916906
650 4 _aTRANSMUTACION
905 _aAudiovisuales
999 _c43065
_d43065